Missing Word: Sports Figures A-Z Quiz Stats

 Plays Quiz Updated May 7, 2016

Challenge
Share
Tweet
Embed
Score 0/24 Timer 04:00
0 Plays Today
Sports Figure Missing Word % Correct
Muhammad ______Ali
99.9%
______ WoodsTiger
95.9%
Peyton ______Manning
93.8%
Shaquille ______O'Neal
92.8%
______ WilliamsVenus
92.6%
Michael ______Phelps
92.4%
______ BryantKobe
91.2%
______ BoltUsain
90.3%
Yogi ______Berra
88.6%
Brett ______Favre
85.6%
Derek _____Jeter
84.9%
______ LewisCarl
84.7%
Sports Figure Missing Word % Correct
Wayne ______Gretzky
83.9%
Rafael ______Nadal
82.3%
Dale ______Earnhardt
72.3%
Ronda ______Rousey
68.5%
______ MessiLionel
66%
Michelle ______Wie
61.9%
Landon ______Donovan
59.2%
Tony ______Stewart
55.8%
Rickey ______Henderson
54.3%
Michael ______Irvin
49.6%
Zinedine ______Zidane
45.5%
Steve ______Yzerman
41.1%

Today's Daily Dose

You're not logged in!

Compare scores with friends on all Sporcle quizzes.
OR
Log In

You Might Also Like...

Show Comments

Extras

Top Quizzes Today


Score Distribution

Your Account Isn't Verified!

In order to create a playlist on Sporcle, you need to verify the email address you used during registration. Go to your Sporcle Settings to finish the process.

Report this User

Report this user for behavior that violates our Community Guidelines.

Details: